Athlétisme - Perchistes (M) au dessus des 6m - Statistiques

Statistiques générales
  • Ce quiz a été pris 26 fois
    3 depuis la dernière actualisation
  • Le résultat moyen est 9 sur 32
Statistiques - réponses
Nationalité Athlète Record Année de réalisation Nombre de concours à +6m % Correct
Suède Armand Duplantis 6m31 2026 83
100%
Grèce Emmanouil Karalis 6m17 2026 17
100%
France Renaud Lavillenie 6m16 2014 19
100%
Ukraine Sergei Bubka 6m15 1993 44
67%
USA Brad Walker 6m04 2008 3
33%
USA Christopher Nilsen 6m05 2022 5
33%
Australie Dmitri Markov 6m05 2001 2
33%
Philippines Ernest John Obiena 6m00 2023 2
33%
France Jean Galfione 6m00 1999 1
33%
USA KC Lightfoot 6m07 2023 3
33%
Australie Kurtis Marschall 6m00 2026 2
33%
Biélorussie Matvei Volkov 6m01 2026 1
33%
Pologne Piotr Lisek 6m02 2019 3
33%
USA Sam Kendricks 6m06 2019 6
33%
Canada Shawnacy Barber 6m00 2016 1
33%
Norvège Sondre Mogens Guttormsen 6m06 2026 4
33%
Australie Steven Hooker 6m06 2009 5
33%
Brésil Thiago Braz Da Silva 6m03 2016 1
33%
Allemagne Tim Lobinger 6m00 1997 2
33%
Russie Timur Morgunov 6m00 2018 1
33%
USA Zachery Bradford 6m01 2026 1
33%
Allemagne Björn Otto 6m01 2012 1
0%
Allemagne Daniel Ecker 6m00 2001 1
0%
Russie Igor Trandenkov 6m01 1996 1
0%
USA Jeff Hartwig 6m03 2000 9
0%
Russie Maxim Tarasov 6m05 1999 7
0%
Afrique du Sud Okkert Brits 6m03 1995 3
0%
Australie Paul Burgess 6m00 2005 1
0%
URSS Rodion Gataullin 6m02 1989 7
0%
USA Timothy Mack 6m01 2004 1
0%
USA Toby Stevenson 6m00 2004 1
0%
Russie Yevgeniy Lukyanenko 6m01 2008 1
0%
Aucun quiz correspondant
Distribution des résultats
% des personnes avec chaque résultat
Percentile par nombre de réponses
Votre historique - résultats
Vous n’avez pas pris ce quiz depuis la dernière actualisation